Normal view MARC view
  • Marquez, Gabriel Garcia

Entry Personal Name

Number of records used in: 1

001 - CONTROL NUMBER

  • control field: 134437

003 - CONTROL NUMBER IDENTIFIER

  • control field: NUST

005 - DATE AND TIME OF LATEST TRANSACTION

  • control field: 20260513144113.0

008 - FIXED-LENGTH DATA ELEMENTS

  • fixed length control field: 260513|| aca||aabn | a|a d

040 ## - CATALOGING SOURCE

  • Original cataloging agency: NUST
  • Transcribing agency: NUST

100 ## - HEADING--PERSONAL NAME

  • Personal name: Marquez, Gabriel Garcia

670 ## - SOURCE DATA FOUND

  • Source citation: Work cat.: (NUST): Marquez, Gabriel Garcia , One hundred years of solitude /, 1970 Reprinted 2021
© 2023 Central Library, National University of Sciences and Technology. All Rights Reserved.